[Event "Chess.com Rapid Wk6 Swiss"]
[Site "Chess.com INT"]
[Date "2022.03.19"]
[Round "8"]
[White "Saric, Ivan"]
[Black "Donchenko, Alexander"]
[Result "1-0"]
[WhiteElo "2687"]
[BlackElo "2636"]
[PlyCount "95"]
[EventDate "2022.03.19"]
[EventType "swiss (rapid)"]
[EventRounds "9"]
[EventCountry "USA"]
[SourceTitle "CBM 207 Extra"]
[Source "ChessBase"]
[SourceDate "2022.05.31"]
[SourceVersion "1"]
[SourceVersionDate "2022.05.31"]
[SourceQuality "1"]

1. e4 c5 2. Nf3 d6 3. g3 g6 4. Bg2 Bg7 5. O-O Nc6 6. c3 e5 7. a3 Nge7 8. d3 O-O 9. b4 h6 10. Be3 b6 11. b5 Na5 12. c4 Be6 13. Bd2 Nb7 14. Nc3 Qd7 15. a4 $146 ({RR} 15. Ne1 Bh3 16. f4 exf4 17. Rxf4 Bxg2 18. Kxg2 {½-½ (18) Fusthy,Z (2310)-Dory,J (2287) Hungary 2015}) 15... a5 16. Qc1 Kh7 17. h4 Bh3 18. Ne1 Nd8 19. Qd1 h5 20. Ra2 Bxg2 21. Nxg2 Ne6 22. Ne3 Rab8 23. Ncd5 Nxd5 24. cxd5 Nd4 25. Bc3 f5 26. Bxd4 cxd4 27. Nc4 f4 28. f3 fxg3 29. Rg2 Bf6 30. f4 Bxh4 31. f5 Kh6 32. fxg6 Kxg6 33. Rf5 Rxf5 34. exf5+ Qxf5 35. Nxd6 Qf4 36. Nc4 Rf8 37. Qe1 Rf5 38. d6 Kf7 39. d7 Ke7 40. Nxb6 Kd8 41. Rc2 Qf2+ 42. Qxf2 gxf2+ 43. Kf1 Ke7 44. Rc8 Rf8 45. Nd5+ Kf7 46. b6 e4 47. Rxf8+ Kxf8 48. b7 1-0

[Event "Titled Tuesday intern op 22 Mar Early"]
[Site "Chess.com INT"]
[Date "2022.03.22"]
[Round "6"]
[White "Grandelius, Nils"]
[Black "Akobian, Varuzhan"]
[Result "1-0"]
[WhiteElo "2663"]
[BlackElo "2600"]
[PlyCount "89"]
[EventDate "2022.03.22"]
[EventType "swiss (blitz)"]
[EventRounds "11"]
[EventCountry "USA"]
[SourceTitle "CBM 207 Extra"]
[Source "ChessBase"]
[SourceDate "2022.05.31"]
[SourceVersion "1"]
[SourceVersionDate "2022.05.31"]
[SourceQuality "1"]

1. Nf3 d5 2. g3 c6 3. Bg2 Bg4 4. h3 Bh5 5. O-O e6 6. c4 Nd7 7. d4 Ngf6 8. cxd5 exd5 9. Ne5 Ne4 10. Bxe4 dxe4 11. Nc3 Nxe5 12. dxe5 Qxd1 13. Rxd1 Bb4 14. Nxe4 Bxe2 15. Rd4 Be7 16. Bg5 Bf3 17. Nd6+ $146 ({RR} 17. Bxe7 Kxe7 18. Nd6 Bd5 19. b3 b6 20. Re1 Be6 21. f4 Rhd8 22. f5 Bd5 23. Kf2 f6 24. Nc4 Bxc4 25. Rxc4 Rd2+ 26. Kf3 c5 27. exf6+ Kxf6 28. Re6+ Kf7 29. Rce4 Rxa2 30. Re7+ Kf8 31. f6 gxf6 {Svane,R (2628)-Rastbod,A (2291) chess.com INT 2024 1-0 (39)}) 17... Bxd6 18. exd6 f6 19. Re1+ Kd8 20. Bf4 Bd5 21. a4 g5 22. Be3 Kd7 23. h4 h6 24. Rb4 b6 25. a5 b5 26. Bc5 Rhe8 27. Re7+ Rxe7 28. dxe7 a6 29. Rd4 Rg8 30. Kf1 Ke8 31. Ke1 h5 32. Kd2 g4 33. Rf4 Kf7 34. Kc3 Kg6 35. Rd4 Re8 36. Kb4 Kf7 37. Rd3 f5 38. Re3 Kf6 39. Bd6 Kf7 40. Kc5 Kf6 41. Kb6 f4 42. Bxf4 Kf7 43. Bd6 Bf3 44. Kxa6 c5 45. Bxc5 1-0

[Event "Titled Tuesday intern op 22 Mar Early"]
[Site "Chess.com INT"]
[Date "2022.03.22"]
[Round "10"]
[White "Donchenko, Alexander"]
[Black "Jumabayev, Rinat"]
[Result "1-0"]
[WhiteElo "2636"]
[BlackElo "2628"]
[PlyCount "53"]
[EventDate "2022.03.22"]
[EventType "swiss (blitz)"]
[EventRounds "11"]
[EventCountry "USA"]
[SourceTitle "CBM 207 Extra"]
[Source "ChessBase"]
[SourceDate "2022.05.31"]
[SourceVersion "1"]
[SourceVersionDate "2022.05.31"]
[SourceQuality "1"]

1. Nf3 c5 2. c4 Nf6 3. g3 d5 4. Bg2 d4 5. b4 Qc7 ({RR} 5... cxb4 6. a3 bxa3 7. Bxa3 Nc6 8. d3 g6 9. Nbd2 Bg7 10. Ra2 O-O 11. Qa1 Ne8 12. O-O Nc7 13. Rb1 Ne6 14. Nb3 Rb8 15. Bb2 b6 16. Nfd2 Bb7 17. Bxc6 Bxc6 18. Rxa7 Re8 19. Nf3 Bxf3 20. exf3 {Vachier Lagrave,M (2742)-Wojtaszek,R (2698) Germany 2014 ½-½ (38)}) 6. Qb3 $146 ({RR} 6. b5 e5 7. d3 Bd6 8. O-O O-O 9. a4 a5 10. Ra2 Bg4 11. e4 dxe3 12. Bxe3 Nbd7 13. Nc3 Rad8 14. h3 Bf5 15. g4 Bg6 16. Nh4 Nb6 17. Nxg6 hxg6 18. Qf3 Rd7 19. Rd1 Rfd8 20. Rc2 e4 {Schoorl,R (2266)-Van den Doel,E (2583) Netherlands 2020 0-1 (100)}) ({RR} 6. O-O e5 7. d3 cxb4 8. e3 dxe3 9. Bxe3 Nc6 10. a3 Be7 11. axb4 Bxb4 12. Qb3 O-O 13. Nc3 Bxc3 14. Qxc3 Re8 15. Rfe1 Bg4 16. Ng5 Rad8 17. Ne4 Nxe4 18. Bxe4 Nd4 19. Bxd4 exd4 20. Qb2 b6 {Movahed,S (2463)-Paravyan,D (2612) chess.com INT 2024 1-0 (38)}) 6... e5 7. d3 cxb4 8. a3 a5 9. axb4 Bxb4+ 10. Bd2 Na6 11. O-O O-O 12. Na3 Bd7 13. Rfb1 Rab8 14. Bxb4 Nxb4 15. Nc2 Nxc2 16. Qxc2 b5 17. Nd2 b4 18. c5 Rfc8 19. c6 Bg4 20. Nc4 Rb5 21. Ra4 Nd5 22. Bxd5 Rxd5 23. Qa2 Qxc6 24. Nb6 Qxb6 25. Qxd5 Rc5 26. Qe4 Bd7 27. Qa8+ 1-0

[Event "Titled Tuesday intern op 22 Mar Late"]
[Site "Chess.com INT"]
[Date "2022.03.22"]
[Round "10"]
[White "Artemiev, Vladislav"]
[Black "Maghsoodloo, Parham"]
[Result "1-0"]
[WhiteElo "2700"]
[BlackElo "2701"]
[PlyCount "183"]
[EventDate "2022.03.22"]
[EventType "swiss (blitz)"]
[EventRounds "11"]
[EventCountry "USA"]
[SourceTitle "CBM 207 Extra"]
[Source "ChessBase"]
[SourceDate "2022.05.31"]
[SourceVersion "1"]
[SourceVersionDate "2022.05.31"]
[SourceQuality "1"]

1. Nf3 Nf6 2. g3 b5 3. Bg2 Bb7 4. O-O e6 5. b3 Be7 6. c4 a6 7. Nc3 b4 8. Na4 O-O 9. Bb2 d6 10. d4 Nbd7 11. Nd2 $146 ({RR} 11. Rc1 c5 12. dxc5 Nxc5 13. Nxc5 dxc5 14. Qxd8 Rfxd8 15. Rfd1 a5 16. Ne5 Rxd1+ 17. Rxd1 Bxg2 18. Kxg2 a4 19. Kf3 Kf8 20. g4 h6 21. h4 Ke8 22. h5 Nh7 23. Nd3 f6 24. Ke3 Nf8 25. f4 Kf7 {Seeman,T (2384)-Volodin,A (2481) Finland 2013 ½-½ (49)}) 11... Bxg2 12. Kxg2 c5 13. e3 cxd4 14. Bxd4 Qc7 15. Qe2 Rfc8 16. e4 Nc5 17. Nxc5 dxc5 18. Bb2 a5 19. a4 bxa3 20. Rxa3 Nd7 21. Rfa1 Nb8 22. e5 Nc6 23. Nf3 Rcb8 24. Qe4 Ra7 25. Bc3 h6 26. h4 Qc8 27. R1a2 Bd8 28. Rd2 Be7 29. Rda2 Ra6 30. Ra1 Bd8 31. Rd1 Be7 32. Rda1 Qb7 33. Rb1 Rb6 34. Nd2 Bd8 35. Rba1 Qd7 36. Qf3 R6b7 37. Ne4 Be7 38. Rd1 Nd4 39. Bxd4 cxd4 40. c5 Qd5 41. Nd6 Qxf3+ 42. Kxf3 Rxb3+ 43. Rxb3 Rxb3+ 44. Ke4 a4 45. Kxd4 a3 46. Kc4 Rf3 47. Ra1 f6 48. c6 Bd8 49. Nb5 fxe5 50. c7 Bxc7 51. Nxc7 Kf8 52. Nxe6+ Kf7 53. Nc5 Rxf2 54. Rxa3 Kg6 55. Kd5 Kf5 56. Re3 Rd2+ 57. Kc4 h5 58. Nd3 e4 59. Nc5 Kg4 60. Nxe4 Rg2 61. Kd4 Kf5 62. Kd3 Ra2 63. Rf3+ Ke5 64. Re3 Ra3+ 65. Ke2 Ra2+ 66. Kf3 Kf5 67. Ng5 g6 68. Ne4 Ra6 69. Rd3 Ke5 70. Ng5 Rf6+ 71. Kg2 Ra6 72. Re3+ Kf5 73. Rf3+ Ke5 74. Rf2 Ra3 75. Nf7+ Ke4 76. Ng5+ Ke5 77. Nh3 Ra4 78. Nf4 Ra6 79. Kh3 Rc6 80. Rb2 Kf6 81. Rb6 Rxb6 82. Nd5+ Kf5 83. Nxb6 g5 84. hxg5 Kxg5 85. Nd5 Kf5 86. Kh4 Ke5 87. Nf4 Kf5 88. Nxh5 Kg6 89. g4 Kh6 90. g5+ Kg6 91. Kg4 Kh7 92. Kf5 1-0

[Event "Chess.com Rapid Wk7 Swiss"]
[Site "Chess.com INT"]
[Date "2022.03.26"]
[Round "5"]
[White "Salem, AR Saleh"]
[Black "Jumabayev, Rinat"]
[Result "1-0"]
[WhiteElo "2690"]
[BlackElo "2628"]
[PlyCount "89"]
[EventDate "2022.03.26"]
[EventType "swiss (rapid)"]
[EventRounds "9"]
[EventCountry "USA"]
[SourceTitle "CBM 207 Extra"]
[Source "ChessBase"]
[SourceDate "2022.05.31"]
[SourceVersion "1"]
[SourceVersionDate "2022.05.31"]
[SourceQuality "1"]

1. Nf3 d5 2. c4 e6 3. g3 d4 4. Bg2 c5 5. O-O Nc6 6. e3 Nf6 7. d3 Bd6 8. exd4 cxd4 9. Bg5 h6 10. Bxf6 Qxf6 11. Nbd2 Qd8 ({RR} 11... Qe7 12. Re1 O-O 13. Nb3 Qf6 14. Nfd2 Bc7 15. a3 a5 16. Nc5 Qe7 17. Na4 Bd7 18. Nb3 b6 19. Bxc6 Bxc6 20. Nxd4 Bb7 21. Nb5 Qd7 22. Qe2 Rad8 23. d4 Qc6 24. f3 Rd7 25. Kg2 Bd8 26. Nac3 {Aronian,L (2785)-Robson,R (2681) Saint Louis 2022 1-0 (52)}) 12. Nb3 $146 ({RR} 12. Rc1 O-O 13. c5 Be7 14. a3 e5 15. Re1 Bf6 16. Ne4 a5 17. Nd6 Qc7 18. Nd2 Be6 19. Qa4 Rab8 20. N2c4 Bd7 21. Nb6 Be7 22. Nxd7 Qxd7 23. Nxb7 Qxb7 24. Bxc6 Qxb2 25. Bd7 Rb3 26. c6 Rxa3 {Bazeev,G (2369)-Gurevich,D (2371) chess.com INT 2023 1-0 (36)}) ({RR} 12. a3 a5 13. Qc2 O-O 14. c5 Bc7 15. Nc4 Qe7 16. Nb6 Bxb6 17. cxb6 Ra6 18. Qc4 Rd8 19. b4 Rxb6 20. b5 Na7 21. a4 Rbd6 22. Rac1 e5 23. Qc7 Qxc7 24. Rxc7 e4 25. Ne5 Re6 26. Nxf7 Rd7 {Hald Falkesgaard,J (2290)-Percivaldi,M (2375) Svendborg DEN 2025 1-0 (70)}) 12... e5 13. Re1 O-O 14. c5 Bc7 15. a3 a5 16. Nbd2 Re8 17. Nc4 a4 18. Nfd2 Be6 19. Rc1 f5 20. Bxc6 bxc6 21. Nxe5 Bd5 22. Ndc4 Rb8 23. Qxa4 Qf6 24. Nd7 Qg5 25. Nxb8 Rxb8 26. Qd1 f4 27. Nd6 Rxb2 28. Rc2 Bb3 29. Re8+ Kh7 30. Qe1 Rxc2 31. Qe4+ Qg6 32. Rh8+ Kxh8 33. Qxg6 Bd5 34. f3 fxg3 35. hxg3 Re2 36. Nf7+ Bxf7 37. Qxf7 Bxg3 38. Qg6 Bf4 39. Qxc6 Kh7 40. Qd7 Be3+ 41. Kf1 Rf2+ 42. Ke1 Rc2 43. c6 Rc1+ 44. Ke2 Rc2+ 45. Kf1 1-0

[Event "Chess.com Rapid Wk7 Swiss"]
[Site "Chess.com INT"]
[Date "2022.03.26"]
[Round "6"]
[White "Swiercz, Dariusz"]
[Black "Hess, Robert L"]
[Result "1-0"]
[WhiteElo "2656"]
[BlackElo "2591"]
[PlyCount "135"]
[EventDate "2022.03.26"]
[EventType "swiss (rapid)"]
[EventRounds "9"]
[EventCountry "USA"]
[SourceTitle "CBM 207 Extra"]
[Source "ChessBase"]
[SourceDate "2022.05.31"]
[SourceVersion "1"]
[SourceVersionDate "2022.05.31"]
[SourceQuality "1"]

1. Nf3 g6 2. g3 Bg7 3. Bg2 e6 4. O-O Ne7 5. e4 ({RR} 5. c4 d6 6. Nc3 Nd7 7. d4 h6 8. b4 b6 9. Ne5 dxe5 10. Bxa8 exd4 11. Nb5 Ne5 12. Bg2 Nxc4 13. Qc2 a6 14. Qxc4 axb5 15. Qxb5+ Bd7 16. Qd3 O-O 17. Bb2 Ba4 18. Rac1 c6 19. Qd2 Qd6 {Sevian,S (2693)-Hess,R (2591) Chess.com INT 2022 1-0 (51)}) ({RR} 5. d4 O-O 6. e4 b6 7. Nc3 Bb7 8. h4 h6 9. Re1 d6 10. Be3 c5 11. Qd2 Kh7 12. Rad1 Nbc6 13. d5 exd5 14. exd5 Nb4 15. Nh2 Nf5 16. Bf4 Nd4 17. Rc1 Bc8 18. a3 Na6 19. Ne4 Nf5 {Tanriverdi,E (2388)-Gaal,Z (2404) chess.com INT 2025 1-0 (38)}) 5... d6 6. d4 Nd7 $146 ({RR} 6... O-O 7. c4 c6 8. Nc3 h6 9. Be3 f5 10. Qc2 Na6 11. Rad1 Nc7 12. b3 Kh7 13. Nh4 d5 14. e5 Qe8 15. f4 Bd7 16. Bf3 Rc8 17. Qe2 b5 18. c5 a5 19. Kh1 Ra8 20. Rg1 Rg8 21. h3 {Kersting,H (2000)-Primiterra,G (1802) Caorle 1991 1-0 (41)}) 7. Re1 h6 8. c3 g5 9. a4 Ng6 10. a5 Qe7 11. a6 bxa6 12. Na3 O-O 13. Nc4 Rb8 14. Na5 Rb6 15. Nd2 Nb8 16. Ndc4 Rb5 17. b3 e5 18. d5 f5 19. exf5 Bxf5 20. Ne3 Bc8 21. Be4 Qf7 22. Qc2 Ne7 23. c4 Rb6 24. c5 dxc5 25. Nac4 Nd7 26. Bb2 Qh5 27. Nxb6 axb6 28. Rad1 Nf6 29. Bxe5 Bg4 30. Bh7+ Kf7 31. Nxg4 Nxg4 32. f4 Bxe5 33. fxe5 Kg7 34. Re2 Rf3 35. d6 Ne3 36. Rxe3 Rxe3 37. dxe7 Rxe5 38. Bd3 Qf3 39. Rf1 Qe3+ 40. Kg2 Rxe7 41. Bxa6 Qe4+ 42. Qxe4 Rxe4 43. Bc4 c6 44. Rf7+ Kh8 45. Rc7 b5 46. Bf1 Rb4 47. Rxc6 Rxb3 48. Rxc5 Rb2+ 49. Kf3 b4 50. Rb5 Kg7 51. h4 gxh4 52. gxh4 Rh2 53. h5 Rh4 54. Kg3 Rd4 55. Bg2 Kf6 56. Bf3 Rc4 57. Kf2 Rc2+ 58. Ke3 Rc3+ 59. Kf4 Rc4+ 60. Be4 Ke6 61. Rb6+ Ke7 62. Rxh6 b3 63. Rh7+ Kf6 64. Rb7 Rc3 65. Rb6+ Kg7 66. h6+ Kh8 67. Rb8+ Rc8 68. Rxc8# 1-0

[Event "Titled Tuesday intern op 29th Mar Early"]
[Site "Chess.com INT"]
[Date "2022.03.29"]
[Round "4"]
[White "Nakamura, Hikaru"]
[Black "Timofeev, Artyom"]
[Result "1-0"]
[WhiteElo "2750"]
[BlackElo "2574"]
[PlyCount "73"]
[EventDate "2022.03.29"]
[EventType "swiss (blitz)"]
[EventRounds "11"]
[EventCountry "USA"]
[SourceTitle "CBM 207 Extra"]
[Source "ChessBase"]
[SourceDate "2022.05.31"]
[SourceVersion "1"]
[SourceVersionDate "2022.05.31"]
[SourceQuality "1"]

1. Nf3 c5 2. b3 d6 3. d4 cxd4 4. Nxd4 Nf6 5. Bb2 g6 6. e3 Bg7 7. c4 O-O 8. Be2 Nc6 9. Nxc6 bxc6 10. O-O c5 11. Nc3 $146 ({RR} 11. f4 Rb8 12. Bf3 Bb7 13. Bxb7 Rxb7 14. Qf3 Rd7 15. Nc3 e6 16. Rfd1 d5 17. cxd5 Nxd5 18. Na4 Bxb2 19. Nxb2 Nb6 20. Rac1 Rxd1+ 21. Qxd1 Qf6 22. Qe2 Rc8 23. Nc4 Nd5 24. g3 Nb4 25. Ne5 Qe7 {Tchernyi,A (2213)-Jordan,J (2209) Korbach 2008 0-1 (42)}) 11... Bb7 12. Qc2 Qb6 13. Rab1 Rfd8 14. Rfd1 Rac8 15. e4 Nd7 16. Nd5 Bxd5 17. exd5 Bxb2 18. Rxb2 Nf6 19. Re1 Re8 20. Bf3 a5 21. g4 h6 22. Qc1 Kg7 23. Rbe2 Rc7 24. h4 a4 25. g5 hxg5 26. hxg5 Ng8 27. Qc3+ Kf8 28. Kg2 axb3 29. axb3 Rb8 30. Re3 Qb4 31. Qh8 Qd2 32. Rd1 Qc2 33. Bg4 Rxb3 34. Ra1 Rb8 35. Be6 fxe6 36. Rf3+ Qf5 37. dxe6 1-0

[Event "Titled Tuesday intern op 29th Mar Early"]
[Site "Chess.com INT"]
[Date "2022.03.29"]
[Round "6"]
[White "Nakamura, Hikaru"]
[Black "Gareyev, Timur"]
[Result "1-0"]
[WhiteElo "2750"]
[BlackElo "2565"]
[PlyCount "93"]
[EventDate "2022.03.29"]
[EventType "swiss (blitz)"]
[EventRounds "11"]
[EventCountry "USA"]
[SourceTitle "CBM 207 Extra"]
[Source "ChessBase"]
[SourceDate "2022.05.31"]
[SourceVersion "1"]
[SourceVersionDate "2022.05.31"]
[SourceQuality "1"]

1. Nf3 d5 2. b3 c6 3. Bb2 Nf6 4. g3 Bg4 5. Bg2 Nbd7 6. d3 e6 7. h3 Bxf3 ({RR} 7... Bh5 8. g4 Bg6 9. Nh4 a5 10. a3 a4 11. b4 c5 12. bxc5 Bxc5 13. e3 O-O 14. Nd2 Ra6 15. Nxg6 hxg6 16. c4 Rb6 17. Bxf6 Nxf6 18. d4 Be7 19. Qxa4 Rb2 20. Qd1 Qa5 21. Qc1 Rb3 22. O-O {Nakamura,H (2802)-Keymer,V (2721) chess.com INT 2024 1-0 (80)}) 8. Bxf3 Bd6 9. Nd2 a5 $146 ({RR} 9... Qe7 10. O-O h5 11. e3 O-O-O 12. Bg2 Kb8 13. c4 h4 14. g4 Nc5 15. Qe2 dxc4 16. dxc4 e5 17. Rab1 a5 18. a3 Na6 19. c5 Bxc5 20. Nc4 e4 21. Nxa5 Nc7 22. b4 Bb6 23. Nc4 Ba7 24. Be5 {Agdestein,S (2583)-Stellwagen,D (2616) Amsterdam 2008 ½-½ (75)}) 10. a3 Qb6 11. Rb1 Be5 12. c3 h5 13. e3 g5 14. Bg2 g4 15. d4 Bd6 16. c4 Qc7 17. e4 dxe4 18. hxg4 e3 19. fxe3 Bxg3+ 20. Ke2 Nxg4 21. Ne4 O-O-O 22. d5 exd5 23. cxd5 Be5 24. dxc6 bxc6 25. Qd3 Bxb2 26. Qa6+ Kb8 27. Rxb2 f5 28. b4 Qb7 29. Qxb7+ Kxb7 30. Nd6+ Kc7 31. Nf7 Rhe8 32. Nxd8 Rxe3+ 33. Kd2 Kxd8 34. bxa5 Nde5 35. Ra2 Nc4+ 36. Kc1 Nxa5 37. Rxh5 Rc3+ 38. Kb1 Ne3 39. a4 Nb3 40. Rh3 Nd4 41. Rd2 c5 42. a5 Nc4 43. Rxc3 Nxd2+ 44. Ka2 Ne4 45. Bxe4 fxe4 46. Rxc5 Ne6 47. a6 1-0

[Event "Titled Tuesday intern op 29th Mar Early"]
[Site "Chess.com INT"]
[Date "2022.03.29"]
[Round "7"]
[White "Nakamura, Hikaru"]
[Black "Xiong, Jeffery"]
[Result "1-0"]
[WhiteElo "2750"]
[BlackElo "2686"]
[PlyCount "87"]
[EventDate "2022.03.29"]
[EventType "swiss (blitz)"]
[EventRounds "11"]
[EventCountry "USA"]
[SourceTitle "CBM 207 Extra"]
[Source "ChessBase"]
[SourceDate "2022.05.31"]
[SourceVersion "1"]
[SourceVersionDate "2022.05.31"]
[SourceQuality "1"]

1. Nf3 d5 2. b3 Bf5 3. Bb2 e6 4. g3 h6 5. Bg2 Nf6 6. d3 Be7 7. Nbd2 O-O 8. Ne5 Bh7 9. O-O a5 10. a3 c5 11. e4 Nc6 $146 ({RR} 11... a4 12. f4 Nc6 13. Nxc6 bxc6 14. f5 exf5 15. exf5 axb3 16. cxb3 Re8 17. Kh1 Nd7 18. b4 cxb4 19. axb4 Rxa1 20. Bxa1 Bxb4 21. Qg4 Bf8 22. Nb3 Ne5 23. Qa4 h5 24. Bxe5 Rxe5 25. Qxc6 Rxf5 26. Rxf5 {Pastar,S (2359)-Yilmazyerli,M (2466) Ayvalik 2022 ½-½ (50)}) 12. Nxc6 bxc6 13. a4 Nd7 14. Re1 Rb8 15. c4 Bf6 16. e5 Be7 17. Bf1 f6 18. Nf3 fxe5 19. Nxe5 Nxe5 20. Bxe5 Bd6 21. Ra2 Bxe5 22. Rxe5 Bf5 23. h3 Rf7 24. Rd2 Qf6 25. f4 g5 26. Rf2 gxf4 27. gxf4 Kh7 28. Kh2 Rfb7 29. Qe1 Rg8 30. Qxa5 Qh4 31. Rf3 Bg4 32. Rg3 Bxh3 33. Rxg8 Bxf1+ 34. Kg1 Kxg8 35. Qa8+ Kf7 36. Qxb7+ Kf6 37. Rxe6+ Kxe6 38. Qxc6+ Ke7 39. Qxc5+ Ke8 40. Qc6+ Ke7 41. Qc7+ Kf8 42. Qd6+ Kg7 43. Qe5+ Kf8 44. Kxf1 1-0

[Event "Titled Tuesday intern op 29th Mar Early"]
[Site "Chess.com INT"]
[Date "2022.03.29"]
[Round "9"]
[White "Murzin, Volodar"]
[Black "Yoo, Christopher Woojin"]
[Result "1-0"]
[WhiteElo "2532"]
[BlackElo "2534"]
[PlyCount "89"]
[EventDate "2022.03.29"]
[EventType "swiss (blitz)"]
[EventRounds "11"]
[EventCountry "USA"]
[SourceTitle "CBM 207 Extra"]
[Source "ChessBase"]
[SourceDate "2022.05.31"]
[SourceVersion "1"]
[SourceVersionDate "2022.05.31"]
[SourceQuality "1"]

1. Nf3 Nf6 2. g3 b6 3. Bg2 Bb7 4. O-O g6 5. d3 d5 6. b3 Bg7 7. Bb2 O-O 8. Nbd2 c5 ({RR} 8... Nbd7 9. Re1 c5 10. e4 dxe4 11. dxe4 Ne8 12. Bxg7 Nxg7 13. Qe2 Qc7 14. Rad1 Rfd8 15. h4 Nf8 16. Nc4 Ba6 17. e5 Nfe6 18. c3 Bxc4 19. Qxc4 Rxd1 20. Rxd1 Rd8 21. Rd5 h5 22. a4 a5 23. Nd2 {Shuvalova,P (2508)-Mostbauer,M (2178) chess.com INT 2025 1-0}) 9. e3 Nc6 $146 ({RR} 9... Qc7 10. Qe2 Nc6 11. c4 e5 12. cxd5 Nxd5 13. Rac1 Rad8 14. a3 Qe7 15. Rfd1 Rfe8 16. Nb1 Ba6 17. e4 Nc7 18. Nc3 Bh6 19. Ra1 Qe6 20. Qc2 Nd4 21. Nxd4 cxd4 22. Ne2 Rc8 23. b4 Bb5 24. a4 {Gokhale,C (2185)-Anurag,M (2490) Majitar 2019 0-1 (47)}) 10. a3 Qc7 11. c4 e5 12. Qc2 d4 13. exd4 Nxd4 14. Bxd4 cxd4 15. Rfe1 Rfe8 16. b4 Rac8 17. Qb3 h5 18. h4 e4 19. dxe4 Nxe4 20. Nxe4 Bxe4 21. Rad1 d3 22. Ng5 Bf5 23. Bd5 Rxe1+ 24. Rxe1 Rf8 25. Kg2 b5 26. c5 a5 27. Rd1 a4 28. Qa2 Bc3 29. Be4 Qd7 30. f3 d2 31. Bxf5 Qxf5 32. Ne4 Qe5 33. Qc2 Bd4 34. Rxd2 f5 35. Nd6 Qe3 36. Qd1 f4 37. Rxd4 fxg3 38. Rd2 Rf4 39. Re2 Qxf3+ 40. Kg1 Kh7 41. Re7+ Kh6 42. Qxf3 Rxf3 43. Nf7+ Kg7 44. Ng5+ Kf6 45. Rf7+ 1-0

[Event "Titled Tuesday intern op 29th Mar Late"]
[Site "Chess.com INT"]
[Date "2022.03.29"]
[Round "10"]
[White "Ibarra Jerez, Jose Carlos"]
[Black "Goryachkina, Aleksandra"]
[Result "1-0"]
[WhiteElo "2570"]
[BlackElo "2610"]
[PlyCount "33"]
[EventDate "2022.03.29"]
[EventType "swiss (blitz)"]
[EventRounds "11"]
[EventCountry "USA"]
[SourceTitle "CBM 207 Extra"]
[Source "ChessBase"]
[SourceDate "2022.05.31"]
[SourceVersion "1"]
[SourceVersionDate "2022.05.31"]
[SourceQuality "1"]

1. Nf3 d5 2. g3 Bg4 3. Bg2 Nf6 4. O-O c6 5. h3 Bh5 6. d3 Nbd7 7. Nbd2 e5 8. e4 dxe4 9. dxe4 Be7 10. Qe1 O-O 11. Nh4 ({RR} 11. Nc4 Qc7 12. Nh4 Rfe8 13. a4 a5 14. Bd2 b6 15. Kh1 Nc5 16. g4 Nfd7 17. f4 b5 18. axb5 cxb5 19. Ne3 Qd8 20. Nhf5 exf4 21. Nd5 Bg6 22. Bxa5 Rxa5 23. Ndxe7+ Rxe7 24. Qxa5 Re8 25. Qxd8 Rxd8 {Giri,A (2798)-Motylev,A (2649) Baku 2015 1-0 (34)}) 11... Re8 12. a4 ({RR} 12. Nc4 a5 13. a4 Qc7 14. Be3 Nc5 15. Nf5 Bf8 16. g4 Bg6 17. Bg5 Nfd7 18. b3 Ne6 19. Bd2 b6 20. c3 b5 21. axb5 cxb5 22. Nce3 f6 23. Nd5 Qc6 24. Kh1 Bf7 25. Rc1 a4 26. bxa4 bxa4 {Dudkina,U (2005)-Novozhilov,S (2344) chess.com INT 2025 0-1 (43)}) 12... Nc5 13. Nf5 Bg6 $146 ({RR} 13... Bf8 14. Nc4 b5 15. axb5 cxb5 16. Nce3 Ncxe4 17. Ng4 Bxg4 18. hxg4 Nc5 19. Bxa8 Qxa8 20. Qe2 Ne6 21. c3 a6 22. Rd1 Qc6 23. g5 Nd7 24. Be3 Ndc5 25. Rac1 Qe4 26. Qc2 Qg4 27. Nd6 Bxd6 28. Rxd6 {Bernadskiy,V (2475)-Hracek,Z (2625) Golden Sands 2013 0-1 (71)}) 14. Nc4 Bxf5 15. exf5 Qd4 16. Qe2 e4 17. Rd1 1-0

[Event "Chess.com Rapid Wk8 Swiss"]
[Site "Chess.com INT"]
[Date "2022.04.02"]
[Round "5"]
[White "Saric, Ivan"]
[Black "Ponkratov, Pavel"]
[Result "1-0"]
[WhiteElo "2695"]
[BlackElo "2635"]
[PlyCount "169"]
[EventDate "2022.04.02"]
[EventType "swiss (rapid)"]
[EventRounds "9"]
[EventCountry "USA"]
[SourceTitle "CBM 207 Extra"]
[Source "ChessBase"]
[SourceDate "2022.05.31"]
[SourceVersion "1"]
[SourceVersionDate "2022.05.31"]
[SourceQuality "1"]

1. Nf3 c5 2. b3 d5 3. e3 Nc6 4. Bb2 Bg4 5. h3 Bh5 6. Bb5 Qb6 7. Nc3 ({RR} 7. a4 a6 8. Bxc6+ Qxc6 9. O-O Nf6 10. g4 Bg6 11. Ne5 Qc7 12. f4 e6 13. d3 Nd7 14. Nd2 Nxe5 15. Bxe5 Qd7 16. Bb2 f6 17. Qe2 Be7 18. Nf3 O-O 19. h4 h6 20. Kh1 Rac8 21. Rad1 Rfd8 {Liang,A (2684)-Atis,H (2088) chess.com INT 2025 1-0 (49)}) 7... e6 8. g4 Bg6 9. Ne5 Bd6 $146 ({RR} 9... Nge7 10. h4 f6 11. Nxg6 hxg6 12. Qe2 a6 13. Bd3 Nb4 14. O-O-O O-O-O 15. f4 e5 16. fxe5 fxe5 17. e4 d4 18. Nd5 Nexd5 19. exd5 Nxa2+ 20. Kb1 Nb4 21. h5 Nxd3 22. Qxd3 gxh5 23. Qf5+ Kb8 24. Qxe5+ {Makarov,A-Zamikhovsky,A Kiev 1959 1-0 (71)}) 10. Bxc6+ bxc6 11. Na4 Qc7 12. Nxg6 fxg6 13. g5 Qf7 14. Qg4 h5 15. gxh6 Nxh6 16. Qg2 Nf5 17. O-O-O O-O-O 18. f4 Rh6 19. e4 Nh4 20. Qe2 d4 21. e5 Bf8 22. Ba3 d3 23. Qe4 dxc2 24. Qxc6+ Kb8 25. Kxc2 Nf5 26. Kb1 Nd4 27. Qe4 Rh4 28. Rhf1 Qf5 29. d3 Nb5 30. Bb2 Rxh3 31. Qc6 Nc7 32. Ka1 Rhxd3 33. Rc1 R3d5 34. Nxc5 Bxc5 35. Rxc5 Rd1+ 36. Bc1 Qf7 37. Rxd1 Rxd1 38. Rc4 Qd7 39. Rb4+ Kc8 40. Qb7+ Kd8 41. Rc4 Nb5 42. Qb8+ Ke7 43. a4 Rxc1+ 44. Rxc1 Qd4+ 45. Kb1 Qd3+ 46. Kb2 Qd4+ 47. Kb1 Qd3+ 48. Kb2 Qd2+ 49. Rc2 Qd4+ 50. Ka2 Nc3+ 51. Rxc3 Qxc3 52. Qxa7+ Kf8 53. Qb8+ Kf7 54. Qb7+ Kg8 55. Qb5 g5 56. fxg5 Qd2+ 57. Ka3 Qxg5 58. a5 Qe7+ 59. Ka4 Qh4+ 60. Qc4 Qh3 61. a6 Qe3 62. Qxe6+ Kh7 63. Qf5+ Kh6 64. Qe6+ g6 65. Qc4 Qb6 66. e6 Kg7 67. b4 Kf6 68. b5 g5 69. Qc6 Qd4+ 70. Ka5 Qd2+ 71. Kb6 Qd8+ 72. Kb7 Qe7+ 73. Qc7 Qb4 74. b6 Qe4+ 75. Ka7 Qe3 76. e7 Kf7 77. e8=Q+ Kxe8 78. Qc8+ Kf7 79. Qc6 g4 80. Qc7+ Kf6 81. Qc6+ Kg5 82. Qc5+ Kh4 83. Qxe3 g3 84. Qxg3+ Kxg3 85. b7 1-0